|
|
|
|
| LEADER |
01005nam a2200289 a 4500 |
| 001 |
3933 |
| 003 |
BD-DhAAL |
| 005 |
20150415143443.0 |
| 008 |
150415s1994 nyua 001 0 eng |
| 010 |
|
|
|a 93010303
|
| 020 |
|
|
|a 0471588938 :
|c $16.95
|
| 040 |
|
|
|a DLC
|c DLC
|d DLC
|d BD-DhAAL
|
| 050 |
0 |
0 |
|a TH9705
|b .P49 1994
|
| 082 |
0 |
0 |
|a 643/.16
|2 20
|
| 100 |
1 |
|
|a Phillips, Bill,
|d 1960-
|9 10407
|
| 245 |
1 |
0 |
|a Home mechanix guide to security :
|b protecting your home, car & family /
|c Bill Phillips.
|
| 260 |
|
|
|a New York :
|b Wiley,
|c c1994.
|
| 300 |
|
|
|a xiv, 217 p. :
|b ill. ;
|c 28 cm.
|
| 500 |
|
|
|a Includes index.
|
| 541 |
|
|
|e 3933
|
| 650 |
|
0 |
|a Burglary protection.
|9 10408
|
| 650 |
|
0 |
|a Security systems.
|9 10409
|
| 650 |
|
0 |
|a Fire prevention.
|9 10410
|
| 730 |
0 |
|
|a Machanix illustrated.
|9 10411
|
| 942 |
|
|
|2 ddc
|c BK
|
| 999 |
|
|
|c 34235
|d 34235
|
| 952 |
|
|
|0 0
|1 0
|2 ddc
|4 0
|6 643_160000000000000_PHI
|7 0
|9 53452
|a SCL
|b SCL
|c GEN
|d 2015-04-15
|e Gift: The Asia Foundation
|l 0
|o 643.16 PHI
|p 3020003933
|r 2015-04-15
|t 1
|w 2015-04-15
|y BK
|